| 000 | 00814pam a2200265 a 4500 | ||
|---|---|---|---|
| 999 |
_c7369 _d7369 |
||
| 001 | 2404685 | ||
| 003 | GBCCL | ||
| 005 | 20241126110626.0 | ||
| 008 | 860312s1986 nyua b 001 0 eng | ||
| 010 | _a 86006261 | ||
| 020 |
_a0816015449 : _c$29.95 |
||
| 040 |
_aDLC _cDLC _dDLC |
||
| 050 | 0 | 0 |
_aAG250 _b.C63 1986 |
| 082 | 0 | 0 |
_a423.1 _219 _bCOR |
| 100 | 1 |
_aCorbeil, Jean Claude. _913029 |
|
| 245 | 1 | 4 |
_aThe Facts on File visual dictionary / _cJean-Claude Corbeil. |
| 260 |
_aNew York : _bFacts on File, _cc1986. |
||
| 300 |
_a797 p. : _bchiefly ill. ; _c24 cm. |
||
| 500 | _aIncludes indexes. | ||
| 504 | _aBibliography: p. 795. | ||
| 650 | 0 |
_aPicture dictionaries, English. _913030 |
|
| 650 | 0 |
_aHandbooks, vade-mecums, etc. _911636 |
|
| 906 |
_a7 _bcbc _corignew _d1 _eocip _f19 _gy-gencatlg |
||
| 942 |
_2ddc _cREF |
||